000
00400nam a22001217a 4500
003
SGT
082
_a
200
_b
S16S
100
_a
शुक्ल, प्रयाग
245
_a
संगना : संगीत नाटक अकादमी का त्रैमासिक वृत्त
260
_b
संगीत नाटक अकादमी
_c
2016
300
_a
218
942
_2
ddc
_c
BK
999
_c
31714
_d
31714